Diversidad: somos diferentes, únicos y especiales

Furkejuvvon:
Bibliográfalaš dieđut
Váldodahkkit: Angulo Antúnez, Elena (Dahkki), Bernaus Fito, Nuria (Dahkki), Hernández Godoy, Esther (Dahkki), Sabugal Fernández, Adriana (Dahkki)
Materiálatiipa: Girji
Giella:espánnjágiella
Almmustuhtton: Badalona Parramón-Paidotribo 2012
Fáttát:
Fáddágilkorat: Lasit fáddágilkoriid
Eai fáddágilkorat, Lasit vuosttaš fáddágilkora!

MARC

LEADER 00000cam a2200000 a 4500
001 UCF7593
003 CL-VaPUC
008 130627e20120000SP |||||||||||||||||spa|d
020 |a 9788434237445 
082 0 4 |a 306.4  |b ANG  |2 21 
100 0 |a Angulo Antúnez, Elena  |e author  |9 569639 
700 0 |a Bernaus Fito, Nuria  |e author  |9 569640 
700 0 |a Hernández Godoy, Esther  |e author  |9 569641 
700 0 |a Sabugal Fernández, Adriana  |e author  |9 569642 
245 1 0 |a Diversidad: somos diferentes, únicos y especiales 
300 |a 112 p 
942 |c BK 
945 |d 20130627 00:00:00  |a dcastane 
260 |a Badalona  |b Parramón-Paidotribo  |c 2012 
650 0 |a Cambio social   |9 256857 
650 0 |a Diversidad cultural  |9 473079 
650 0 |a Globalización  |9 361930 
583 |a last modification  |c 20130627 13:18:00  |k Rodrigo Vera 
999 |c 352402  |d 352400